00282pab a2200121 454500008004000000100001700040245002300057260000900080300001100089362001200100650002000112773002800132180718b1997 xxu||||| |||| 00| 0 eng d aMathew, N.M. aDown - but not out c1997 ap.7-11 aJul-Aug aHealth services aHealth for the Millions